[Event "12th Chennai Open 2020"]
[Site "Chennai"]
[Date "2020.01.24"]
[Round "9.8"]
[White "Visakh N R"]
[Black "Karthikeyan, P.."]
[Result "1/2-1/2"]
[WhiteElo "2518"]
[BlackElo "2416"]
[Annotator "TA"]
[PlyCount "71"]
[EventDate "2020.01.19"]
[EventType "swiss"]
[EventCountry "IND"]
[SourceTitle "playchess.com"]
[Source "ChessBase"]
[SourceQuality "1"]

{[%evp 17,71,19,21,0,0,0,0,0,0,0,0,0,22,0,30,17,28,24,37,15,106,0,-4,-8,-2,0,-2,-8,-4,-98,-12,-11,0,0,0,0,0,-6,-2,-2,-2,-5,-7,-5,-5,-8,-8,-7,0,0,0,0,0,-3,-7,0]} 1. d4 Nf6 2. c4 g6 3. Nc3 d5 4. Nf3 Bg7 5. Qb3 dxc4 6. Qxc4 O-O 7. e4 Bg4 8. Be3 Nfd7 9. Rd1 Nc6 10. Qb3 {D98: Grünfeld: Russian System: 7 e4 Bg4} (10. Be2 Nb6 11. Qc5 Qd6 12. e5 Qxc5 13. dxc5 Nc8 14. Bf4 Bxf3 15. Bxf3 Nxe5 16. Bxe5 Bxe5 17. O-O c6 18. Rfe1 Bg7 19. Rd7 Rb8 20. Ne4 Bxb2 21. g3 {½-½ (82) Ivanchuk,V (2768)-Ponomariov,R (2764) Khanty-Mansiysk 2011}) 10... e5 11. dxe5 Ncxe5 12. Be2 {[#] Threatens to win with Nxe5.} Nxf3+ 13. Bxf3 Bxf3 14. gxf3 Qe7 $146 ({Predecessor:} 14... Qc8 15. Nd5 Kh8 16. Bd4 Bxd4 17. Rxd4 Nb6 18. Nxb6 axb6 {½-½ (27) Schmidt,G (2139)-Hittinger,C (2024) Bayern 2004}) 15. Nd5 Qh4 16. Nxc7 ({Stronger than} 16. Qxb7 Ne5 $17) 16... Rad8 17. Nd5 ({But not} 17. Qxb7 $2 Rb8 $19) 17... Kh8 18. Bd4 ({Don't blunder} 18. Qxb7 $2 Ne5 $19) 18... Ne5 (18... Bxd4 $11 {remains equal.} 19. Rxd4 Rc8) 19. Bxe5 (19. f4 $16) 19... Bxe5 $11 20. Qe3 $132 {[%mdl 2048] White is not holding back} Rfe8 21. f4 Bxb2 22. O-O g5 23. Qg3 (23. f3 $11 {keeps the balance.}) 23... Qxg3+ ({Black should try} 23... Rxe4 $17 {aiming for ...Bd4.} 24. Nc3 Rxd1 25. Nxe4 Qxg3+ 26. fxg3 Bd4+ 27. Kg2 Rxf1 28. Kxf1 gxf4 29. gxf4 b6) 24. hxg3 {The position is equal.} gxf4 25. Nxf4 Rxd1 26. Rxd1 Rxe4 $17 {[%mdl 4096] Endgame KRB-KRN} 27. Nh5 {[#] Rd8+ would kill now.} h6 (27... Bd4 {looks sharper.} 28. Kg2 b6 29. f3 Re5 30. g4 Rd5) 28. Rd7 Ra4 29. Rxb7 Rxa2 30. Rxf7 Kg8 31. Rd7 a5 {[%cal Ba7a5,Ba5a4,Ba4a3][%mdl 32]} 32. Nf4 Ra1+ 33. Kg2 a4 34. Ra7 a3 35. Nd5 Bd4 36. Ra4 {Accuracy: White = 52%, Black = 56%.} 1/2-1/2

[Event "12th Chennai Open 2020"]
[Site "Chennai"]
[Date "2020.01.24"]
[Round "9.9"]
[White "Pranav Vijay"]
[Black "Vishnu Prasanna. V"]
[Result "0-1"]
[WhiteElo "2265"]
[BlackElo "2474"]
[Annotator "TA"]
[PlyCount "86"]
[EventDate "2020.01.19"]
[EventType "swiss"]
[EventCountry "IND"]
[SourceTitle "playchess.com"]
[Source "ChessBase"]
[SourceQuality "1"]

{[%evp 18,85,13,4,8,-18,22,-4,-15,-12,0,-4,0,0,0,-17,15,14,24,0,43,-4,0,0,0,-51,-50,-70,-58,-61,-64,-64,-66,-152,-112,-112,-112,-171,-170,-162,-191,-227,-216,-385,-192,-176,-177,-450,-446,-717,-664,-1189,-338,-6220,-1180,-1095,-950,-29991,-29976,-29976,-29977,-29969,-6183,-5357,-5306,-2040,-1992,-29998,-29999,-29999]} 1. e4 c5 2. Nf3 d6 3. d4 cxd4 4. Nxd4 Nf6 5. Nc3 a6 6. Be3 e5 7. Nb3 Be6 8. Qd2 Nbd7 9. f3 h5 10. Be2 Rc8 {B90: Sicilian Najdorf: Unusual White 6th moves, 6 Be3 Ng4 and 6 Be3 e5} 11. O-O-O (11. a4 Be7 12. O-O O-O 13. a5 Qc7 14. Rfd1 Rfd8 15. Qe1 Nc5 16. Nxc5 dxc5 17. Na4 Rxd1 18. Rxd1 {0-1 (54) Leko,P (2731)-Karjakin,S (2770) Sochi 2014}) 11... Be7 12. Kb1 b5 {The position is equal.} 13. Nd5 Bxd5 14. exd5 Nb6 15. Bxb6 Qxb6 16. Bd3 Kf8 $146 ({Predecessor:} 16... O-O 17. Rhe1 Rfe8 18. f4 Bf8 19. Bf5 {0-1 (64) Pavoni,F (2310)-Cremasco,G (2472) ICCF email 2009}) 17. Rhe1 Re8 18. f4 Bd8 19. Bf1 e4 20. Nd4 h4 21. Nf5 (21. c4 $11) 21... Qc5 $15 22. g4 hxg3 $1 ({Of course not} 22... Nxg4 $6 23. Qg2 $14) 23. hxg3 Ng4 24. Bg2 g6 25. b4 ({Better is} 25. Ne3 $15 Nxe3 26. Rxe3) 25... Qb6 26. Ne3 ({Avoid the trap} 26. Qc3 $2 Bf6 $19) 26... Nxe3 27. Rxe3 (27. Qxe3 $17 f5 28. Qxb6 Bxb6 29. Re2) 27... Rh2 $36 {[%mdl 2048] Threatens to win with ...Rxg2! Black is really pushing.} 28. Rde1 Bf6 29. c3 Rc8 30. g4 $2 (30. R1e2 {might work better.}) 30... a5 (30... g5 $142 31. f5 a5) 31. g5 Bg7 {aiming for ...axb4.} 32. a3 $2 (32. R1e2) 32... axb4 33. axb4 (33. cxb4 $142 Qa7 34. R1e2) 33... Qa7 {Hoping for ...Ra8.} 34. Rg3 {[#]} Rc4 $2 (34... Qa3 $2 35. Qa2 $19) (34... Rxg2 $1 {[%mdl 512]} 35. Qxg2 Rxc3 36. Qxe4 Rc8 37. Qe7+ {[%mdl 64] Decoy} Qxe7 38. Rxe7 Kxe7 39. Re3+ Kd7) 35. Qb2 $2 {[#]} (35. Qa2 Qxa2+ 36. Kxa2 Bxc3 37. Re2) 35... Bxc3 (35... Rxg2 $142 $1 {[%mdl 512]} 36. Qxg2 Bxc3 37. Rxc3 Rxb4+ 38. Kc1 Qa1+ {[%mdl 64] Double Attack} 39. Kd2 Rb2+ {[%mdl 64] Skewer} 40. Rc2 Rxc2+ 41. Kxc2 Qa2+ {[%mdl 64] Double Attack} 42. Kd1 Qxg2) 36. Rxc3 {[#]} Rxg2 $1 {[%mdl 512]} 37. Qb3 (37. Qxg2 Rxb4+) 37... Qd4 38. Rxc4 bxc4 {KQR-KQR} ({Worse is} 38... Qxc4 39. Qxc4 bxc4 40. Rxe4 $11) 39. Qa3 e3 (39... c3 $142 40. Rc1 Rb2+ 41. Qxb2 cxb2 42. Rc6 e3 43. Rc2 Qxf4 44. Rxb2 Qe4+ 45. Ka2 e2 46. Rb1 {[#]} Qxb1+ $1 {[%mdl 576] Remove Defender, Promotion} 47. Kxb1 e1=Q+ {[%mdl 64] Double Attack} 48. Kb2 Qxb4+ 49. Kc2 Qd4 50. Kb3 Qxd5+ 51. Kc3 Qxg5 52. Kc4 f5 53. Kd3 f4 54. Kd2 f3+ 55. Kc2 f2 56. Kb2 f1=Q 57. Kb3 Qe3+ 58. Kb4 Qb1+ 59. Kc4 Qed3#) 40. Rxe3 Rg1+ 41. Kc2 Ra1 42. Qc3 Qd1+ 43. Kb2 Qb1# {Accuracy: White = 27%, Black = 64%.} 0-1

[Event "12th Chennai Open 2020"]
[Site "Chennai"]
[Date "2020.01.24"]
[Round "9.10"]
[White "Vignesh N R"]
[Black "Khusenkhojaev, Muhammad"]
[Result "0-1"]
[WhiteElo "2472"]
[BlackElo "2420"]
[Annotator "TA"]
[PlyCount "82"]
[EventDate "2020.01.19"]
[EventType "swiss"]
[EventCountry "IND"]
[SourceTitle "playchess.com"]
[Source "ChessBase"]
[SourceQuality "1"]

{[%evp 11,104,12,12,11,24,23,27,4,27,18,20,12,35,35,55,35,31,-216,22,-112,-14,-459,-452,-732,-719,-691,-683,-783,-782,-762,-79,-89,-84,-65,-79,-82,-81,-54,-56,-74,-32,-43,-30,-22,-30,-35,0,-27,0,-35,-31,-45,0,-25,0,-137,-165,-137,-129,-133,-133,-133,-133,-133,-133,-301,-300,-302,-286,-439,-439,-439,-439,-439,-439,-582,-474,-605,-580,-832,-837,-936,-936,-936,-936,-951,-936,-936,-936,-1189,-1169,-1685,-1647,-1124,-981]} 1. e4 e5 2. Nf3 Nc6 3. Bc4 Bc5 4. O-O Nf6 5. d3 a6 6. c3 d6 7. a4 {C54: Giuoco Piano: 4 c3 Nf6, main lines with 5 d4 and 5 d3} Ba7 8. Nbd2 O-O 9. b4 {White has an edge.} h6 10. Re1 Re8 11. Rb1 $146 ({Predecessor:} 11. Nf1 Be6 12. Bxe6 Rxe6 13. Ng3 Ne7 14. d4 Ng6 {½-½ (38) Aronian,L (2767)-Carlsen,M (2842) Saint Louis 2018}) 11... d5 12. exd5 Nxd5 13. Qb3 Be6 14. Nxe5 $2 (14. Ne4 $14) 14... Nf4 $2 (14... Nxe5 $19 15. Rxe5 Nxc3 $1 {[%mdl 512]} 16. Rxe6 Rxe6 17. Bxe6 (17. Qxc3 Bd4 $17) 17... Qh4 18. Bxf7+ Kh8) 15. Ndf3 {[#]} (15. d4 $1 $11) 15... Nxe5 (15... Bxf2+ $1 $17 {[%mdl 512]} 16. Kxf2 Nxe5 17. Bxf4 (17. Rxe5 Nxd3+ 18. Bxd3 Bxb3 $17) 17... Nxd3+ {[%mdl 64] Double Attack} 18. Kg1 Nxf4) 16. Nxe5 $4 {[%mdl 8192] [#]} (16. Rxe5 $11 {and White has nothing to worry.} Bxf2+ 17. Kh1 (17. Kxf2 Nxd3+ 18. Bxd3 Bxb3 $17) 17... Nxd3 18. Rxe6 fxe6 19. Qc2 Nxc1 20. Rxc1) 16... Bxf2+ $1 $19 {[%mdl 512]} 17. Kxf2 (17. Kh1 $142 Nxd3 18. Rf1 (18. Nxf7 $2 Bxc4 19. Rxe8+ Qxe8 $19) 18... Bxc4 19. Nxc4) 17... Qh4+ {[%mdl 64] Double Attack} 18. Kf1 {[#]} Nxd3 $1 {[%mdl 512]} 19. Bxd3 Bxb3 20. Rxb3 Rxe5 $2 (20... Qf6+ $19 21. Kg1 Rxe5) 21. Rxe5 $17 Rd8 $1 {[%cal Rd8d3]} ({Much worse is} 21... Qxh2 22. Re1 $11) 22. Bc2 Qxh2 23. Re1 Qh1+ {[%mdl 1024] Black has strong compensation.} 24. Kf2 Qh4+ 25. Kf1 g6 (25... g5 $5 {[%cal Rg5g4]} 26. Be3 Rd6 $15) 26. Be3 Re8 27. Bd2 Qc4+ 28. Kf2 $1 Qh4+ $40 {[%mdl 128] Black attacks.} 29. Kf1 Rd8 30. Be3 Qc4+ 31. Kf2 Qh4+ 32. Kf1 Rd6 33. Bd4 (33. Rbb1 $1 $11) 33... Qf4+ $1 34. Kg1 {Intending Re8+ and mate.} Rxd4 {[%mdl 64] Decoy} 35. cxd4 {[#] And now Rd3 would win.} Qd2 $1 {[%cal Rd2e1][%mdl 64] Double Attack} 36. Re8+ Kg7 37. Rf3 {Re7! is the strong threat.} Qc1+ 38. Kh2 $2 (38. Rf1 $17 {was the only defense.} Qxc2 39. Re7) 38... Qxc2 $19 {[%mdl 4096] Endgame KQ-KRR} 39. Re7 Qc4 {[%mdl 64] Double Attack} 40. Rd7 {[#]} (40. b5 $142) 40... Qe6 $1 {[%cal Re6d7] Black is clearly winning.} 41. Rd8 c6 {Played: Qe6-e7} 0-1

[Event "12th Chennai Open 2020"]
[Site "Chennai"]
[Date "2020.01.24"]
[Round "9.11"]
[White "Muthaiah AL"]
[Black "Taher, Yoseph Theolifus"]
[Result "1-0"]
[WhiteElo "2367"]
[BlackElo "2462"]
[Annotator "TA"]
[PlyCount "100"]
[EventDate "2020.01.19"]
[EventType "swiss"]
[EventCountry "IND"]
[SourceTitle "playchess.com"]
[Source "ChessBase"]
[SourceQuality "1"]

{[%evp 23,100,30,41,37,43,43,31,34,44,32,40,37,55,49,191,186,191,187,220,217,232,222,230,216,233,257,247,230,268,261,267,260,266,279,260,232,342,353,332,284,313,327,314,314,347,343,566,559,543,540,570,558,530,437,429,361,393,384,386,386,362,330,440,448,416,429,394,391,670,611,583,540,653,658,998,902,4794,4698,1643]} 1. d4 Nf6 2. c4 e6 3. Nc3 Bb4 4. Qc2 O-O 5. a3 Bxc3+ 6. Qxc3 b6 7. Bg5 Bb7 8. f3 h6 9. Bh4 d5 10. e3 Nbd7 11. cxd5 exd5 12. Bd3 c5 13. Ne2 {E32: Nimzo-Indian: Classical (4 Qc2): 4...0-0} Qe7 (13... Re8 14. Bb5 Re6 15. O-O Qe7 16. Bf2 Rc8 17. Qd2 Nf8 18. Rac1 a6 19. Bd3 Rec6 20. Ng3 g6 21. dxc5 bxc5 {1-0 (37) Zhou,J (2597)-Yuan,Q (2393) Shenzhen 2017}) 14. Bf2 a5 15. O-O {White is slightly better.} c4 16. Bc2 b5 17. b4 $146 ({Predecessor:} 17. Ng3 g6 18. Qd2 b4 19. e4 {½-½ (34) Goth,J (2121)-Fiedler,B (2116) Czechia 2008}) 17... axb4 18. Qxb4 Qe6 {[#]} (18... Qxb4 $14 19. axb4 Rfe8) 19. a4 $1 $18 ({Don't take} 19. Qxb5 $6 Rfb8 $14) 19... Qa6 20. Qxb5 Qa7 21. Rfb1 Ba6 22. Qb4 Qc7 23. Bg3 Qc8 24. Nc3 Re8 25. Re1 Nf8 26. Rab1 N8d7 27. Bf5 Qd8 28. Qd6 Bc8 29. Rb5 Nf8 (29... Ra6 $142 30. Qb4 Nc5 31. Rxc5 (31. Bxc8 Nd3 $16) 31... Bxf5) 30. Qxd8 ({Less strong is} 30. Nxd5 Qxd6 31. Bxd6 Nxd5 $16) 30... Rxd8 31. Bc2 Be6 32. Reb1 N8d7 33. e4 {[%cal Re4d5]} dxe4 34. fxe4 g5 $2 {[#]} (34... Nf8 35. d5 Bd7) 35. d5 Bg4 36. h3 Bh5 37. e5 Ne8 38. d6 Ng7 39. Nd5 Ne6 40. Nc7 Rac8 41. Nxe6 fxe6 42. Bf2 Kg7 43. a5 {[%cal Ba4a5,Ba5a6,Ba6a7][%mdl 32]} Bg6 44. Bxg6 Kxg6 45. a6 Kf5 $2 (45... c3 46. a7 Kf5 47. g4+ Ke4) 46. a7 {White is clearly winning.} c3 47. Re1 h5 48. Rb7 Nxe5 49. Rb5 Rxd6 50. Rexe5+ Kf6 {Accuracy: White = 91%, Black = 31%.} 1-0

[Event "12th Chennai Open 2020"]
[Site "Chennai"]
[Date "2020.01.24"]
[Round "9.12"]
[White "Harshavardhan G B"]
[Black "Neverov, Valeriy"]
[Result "1/2-1/2"]
[WhiteElo "2343"]
[BlackElo "2460"]
[Annotator "TA"]
[PlyCount "130"]
[EventDate "2020.01.19"]
[EventType "swiss"]
[EventCountry "IND"]
[SourceTitle "playchess.com"]
[Source "ChessBase"]
[SourceQuality "1"]

{[%evp 12,130,39,45,52,41,41,29,40,0,0,0,6,7,27,-1,38,-14,36,34,35,43,39,24,102,102,120,91,87,87,52,35,49,39,36,15,72,75,82,59,58,55,100,84,96,57,77,60,70,56,48,0,31,0,49,63,62,75,127,0,0,0,0,-327,-76,-215,23,23,23,23,33,31,44,45,77,96,65,68,172,172,187,172,180,143,201,144,140,29,29,29,29,29,54,53,50,51,70,29,29,29,37,18,64,0,0,0,0,0,0,0,0,0,0,0,0,0,0,0,0,0,0]} 1. d4 Nf6 2. c4 g6 3. Nc3 Bg7 4. e4 d6 5. Nf3 O-O 6. Be2 Na6 7. Be3 c5 {E91: King's Indian: Classical: 6 Be2, unusual replies including 6...c5 and 6...Bg4} (7... e5 8. O-O Qe8 9. h3 Nxe4 10. Nxe4 exd4 11. Nxd6 Qe6 12. Bf4 cxd6 13. Re1 d5 14. Rc1 Nc5 15. cxd5 Qxd5 16. Bc4 Qd8 {½-½ (96) Erigaisi,A (2544)-Karthikeyan,M (2611) Sitges 2019}) 8. d5 e6 9. h3 Re8 {White has an edge.} 10. Qd2 exd5 11. exd5 Bf5 12. O-O Qb6 $146 ({Predecessor:} 12... Ne4 13. Nxe4 Bxe4 14. Rac1 Qb6 15. b3 Qb4 {1-0 (42) Guillen Domenech,A-Defez Gomez,J (2215) Mislata 2004}) 13. Nb5 Nb4 14. Nh4 ({Better is} 14. g4 $14 Bd7 15. Nc3) 14... Bd7 15. Nc3 Ne4 16. Nxe4 Rxe4 17. Nf3 Rae8 (17... Na6 $11) 18. a3 $16 Na6 19. Rab1 Rxe3 20. fxe3 Bh6 21. Qd1 Rxe3 22. Bd3 Nc7 23. Kh2 Ne8 (23... Qa6 $11) 24. Re1 Nf6 25. Rxe3 Bxe3 26. Qe2 Bf4+ 27. g3 Bh6 28. Qe7 Kg7 29. b3 Qa5 30. Rf1 {Hoping for Ne5!} (30. Qxd6 Qc3 $17) 30... Qc3 31. Rf2 Bg4 (31... Qxd3 $2 32. Ne5 $1 $18 {[%mdl 512]}) 32. Ne1 Bg5 33. Kg2 Bd1 34. h4 Bc1 {[#]} (34... Bd2 $142 35. Nf3 Qxd3 36. Nxd2 Qd4) 35. Bc2 ({Only move:} 35. Be2 $1 $16 {[%cal Re2d1]} Bxe2 36. Qxe2 (36. Rxe2 Qxb3 37. Rf2 Bb2 $11)) 35... Bg4 $11 {With the idea ...Be3.} 36. Bd3 Bb2 37. Rc2 $4 {[%mdl 8192]} (37. Nf3 $11 Qxd3 38. Ng5) 37... Qd4 $2 (37... Qxb3 $19 {is more deadly.} 38. Qxd6 (38. Rf2 $2 Be5 $19) 38... Bc3) 38. Be2 (38. Rf2 $17 {was worth a try.}) 38... Bc3 $2 (38... Bf5 $19 39. Nf3 Be4) 39. Nf3 $36 {[%mdl 2048] White is pushing.} Bxf3+ $1 40. Bxf3 Bd2 41. Qe2 ({Avoid the trap} 41. Qxb7 $2 Ng4 $19) 41... Be3 42. Qe1 h5 43. Re2 Bh6 44. Re7 {aiming for Qe6.} Kg8 (44... Ng8 $1 $14) 45. Rxb7 $18 {Threatens to win with Qe7!} Be3 46. Re7 Bd2 47. Qe2 a5 48. Rb7 Be3 49. b4 (49. Rb6 $16 Qe5 50. Rxd6 {[%mdl 64] Deflection} Qxd6 51. Qxe3) 49... cxb4 $11 50. axb4 axb4 51. Rxb4 {And now Rb8+ would win.} Qa7 52. Qb2 Kg7 53. Rb7 Qc5 $1 54. Re7 {Qe2 is the strong threat.} Bd4 55. Qb3 Qa5 56. Qd1 Qc3 57. Qe2 ({White should try} 57. Qe1 $1 $14 Qxe1 58. Rxe1) 57... Be5 {The position is equal.} 58. c5 Qxc5 59. Rxe5 dxe5 60. Qxe5 Qc2+ 61. Kf1 Qd3+ 62. Kf2 Qc2+ 63. Kf1 Qc4+ 64. Kf2 Qc5+ 65. Ke2 Qc2+ {Accuracy: White = 49%, Black = 46%.} 1/2-1/2

[Event "12th Chennai Open 2020"]
[Site "Chennai"]
[Date "2020.01.24"]
[Round "9.13"]
[White "Lugovskoy, Maxim"]
[Black "Bharath Subramaniyam H"]
[Result "1-0"]
[WhiteElo "2453"]
[BlackElo "2413"]
[Annotator "TA"]
[PlyCount "73"]
[EventDate "2020.01.19"]
[EventType "swiss"]
[EventCountry "IND"]
[SourceTitle "playchess.com"]
[Source "ChessBase"]
[SourceQuality "1"]

{[%evp 9,73,0,28,18,48,43,59,43,42,43,27,0,43,36,39,40,60,43,75,27,89,51,66,50,74,73,57,37,97,108,144,147,141,89,104,104,113,91,125,89,104,88,103,102,121,112,164,117,111,104,104,83,115,78,104,93,113,100,98,94,97,88,29986,29987,29985,29986]} 1. d4 Nf6 2. Bf4 c5 3. e3 g6 (3... Qb6 4. Nc3 cxd4 5. Qxd4 Qxb2 6. Rb1 Qa3 7. Bxb8 Rxb8 8. Rb3 Qa5 9. Rb5 Qc7 10. Rc5 Qb6 11. Qc4 Kd8 {0-1 (56) Zhang,Z (2636)-Caruana,F (2812) Douglas 2019}) 4. c3 Bg7 5. Nd2 O-O 6. dxc5 {A45: Trompowsky Attack} Nc6 7. h3 $146 ({Predecessor:} 7. Ngf3 Re8 8. h3 b6 9. cxb6 axb6 10. Bh2 Bb7 {1-0 (41) Kudischewitsch,D (2355)-Friedland,M (2168) Kiryat Ono 2016}) 7... a5 8. a4 {White is slightly better.} b6 9. cxb6 Qxb6 10. Bb5 Ba6 (10... Na7 {feels hotter.} 11. Bc4 Qxb2 12. Ne2 d5 13. Bd3 Re8) 11. Bxa6 Rxa6 12. Rb1 e5 13. Bh2 d5 14. Ne2 {And now b4! would win.} (14. Ngf3 {keeps more tension.} Re8 15. O-O Ra7 16. Qe2 e4 17. Nd4) 14... d4 (14... Nd7 $11) 15. cxd4 exd4 16. exd4 Nxd4 17. Nxd4 Qxd4 18. O-O Rb6 (18... Re6 $14) 19. b3 $16 Ne4 20. Nxe4 Qxe4 21. Re1 (21. Bc7 $142 Ra6 22. Rc1) 21... Qb7 22. Re3 Rc8 23. Bg3 h6 24. Qe2 Bf6 25. Rf3 Bg7 26. Rd3 Bf6 27. Qd2 Qe4 (27... Rb4 $16) 28. Re1 Qb4 29. Qd1 Rbc6 30. Kh2 Rc3 {[#] Threatens to win with ...Rxd3.} 31. Ree3 Rxd3 32. Rxd3 Rc3 33. Rd6 Kg7 34. Qd5 $36 {[%mdl 2048] White is in control.} Rc5 35. Qf3 Be5 $2 {[%mdl 8192] [#]} (35... Rf5 $16 36. Qe3 Qc5) 36. Bxe5+ Rxe5 37. Qf6+ {[%mdl 64] Double Attack. Accuracy: White = 78%, Black = 21%.} 1-0

[Event "12th Chennai Open 2020"]
[Site "Chennai"]
[Date "2020.01.24"]
[Round "9.14"]
[White "Mitrabha, Guha"]
[Black "Rohith Krishna S"]
[Result "1/2-1/2"]
[WhiteElo "2448"]
[BlackElo "2289"]
[Annotator "TA"]
[PlyCount "143"]
[EventDate "2020.01.19"]
[EventType "swiss"]
[EventCountry "IND"]
[SourceTitle "playchess.com"]
[Source "ChessBase"]
[SourceQuality "1"]

{[%evp 18,143,36,31,43,33,37,19,28,30,31,30,31,30,47,19,33,16,26,9,9,11,8,8,56,7,9,9,12,16,16,0,31,43,39,46,38,32,45,35,69,62,58,45,162,132,132,132,125,114,110,110,110,110,110,110,212,208,172,90,90,90,90,91,96,67,78,72,74,58,62,58,58,58,58,0,58,58,72,72,80,0,8,0,0,0,0,0,0,0,0,0,0,0,0,0,0,0,0,0,0,0,0,0,0,0,0,0,0,0,0,0,0,0,0,0,0,0,0,0,0,0,0,0,0,0,0,0]} 1. d4 d5 2. c4 e6 3. Nf3 Nf6 4. g3 Be7 5. Bg2 O-O 6. O-O b6 7. Qc2 Bb7 8. cxd5 exd5 9. Nc3 Na6 10. Rd1 c5 {E18: Queen's Indian: Old Main Line (4 g3 Bb7 5 Bg2 Be7 6 0-0 0-0 7 Nc3)} 11. Bg5 Re8 12. a3 h6 $146 ({Predecessor:} 12... Ne4) 13. Bxf6 Bxf6 14. dxc5 Nxc5 15. Nd4 Rc8 16. e3 Qd7 17. Nde2 {[%cal Rc3d5]} Ne6 18. Qf5 {[%cal Rg2d5]} Rc5 19. Qd3 Qc8 20. Rac1 Rd8 (20... Ba6 {feels hotter.} 21. Qd2 Bxe2 22. Nxe2 d4 23. Nxd4 Rd8) 21. Nxd5 (21. Bxd5 {seems wilder.} Ng5 22. e4 Qg4 23. Qe3 Bxd5 24. Rxd5 Rcxd5 25. exd5 Nf3+ 26. Kg2) 21... Bxd5 22. Bxd5 Bxb2 23. Rxc5 $1 Qxc5 24. Nf4 Nxf4 {[#]} 25. Bxf7+ $1 {[%mdl 576] Discovered Attack} Kxf7 26. Qxd8 Ng6 27. Qd7+ {[%mdl 1024] White has compensation.} Ne7 28. Qxa7 Bxa3 29. Rb1 Bb4 $1 30. Qa2+ Ke8 (30... Kf8 $1 $14) 31. Qa4+ Nc6 {[#]} 32. Rxb4 $1 {[%mdl 64] Deflection} Qxb4 33. Qxc6+ $16 {[%mdl 4096] Endgame KQ-KQ} Kf7 34. e4 b5 35. Qd5+ Ke7 36. e5 Qe1+ (36... Qb1+ $16 37. Kg2 b4) 37. Kg2 $18 b4 {[#]} 38. Qd6+ (38. h4 $1 $18) 38... Kf7 $16 39. Qd7+ Kg6 40. Qd3+ Kf7 41. f4 g5 $1 42. Qc4+ Ke7 43. Qc7+ Ke8 44. Qc6+ Ke7 45. Qd6+ Ke8 46. Qc6+ Ke7 $1 47. Qc5+ Kf7 48. Qa7+ Ke8 49. Kf3 (49. Qb8+ $16 Kd7 50. Qd6+ Kc8 51. Kf3 (51. Qxh6 Qe2+ 52. Kg1 Qe1+ 53. Kg2 Qe2+ 54. Kg1 Qe1+ 55. Kg2 $11) 51... Qf1+ 52. Kg4 Qe2+ 53. Kf5) 49... gxf4 {The position is equal.} 50. gxf4 Qc3+ 51. Ke4 b3 52. Qb8+ Kd7 53. Qb7+ Ke8 54. Kf5 Qh3+ {[%mdl 64] Double Attack} 55. Kf6 {[%csl Gf6][%cal Rb7e7]} Qh4+ {[%mdl 64] Double Attack} 56. Ke6 {Threatening mate with Qf7+.} Qg4+ 57. Kd6 {[%csl Gd6][%cal Rb7e7]} Qd1+ 58. Kc5 Qc1+ 59. Kd6 {[%csl Gd6][%cal Rb7e7]} Qd1+ $1 60. Ke6 {[%csl Ge6][%cal Rb7e7]} Qg4+ {[%mdl 64] Double Attack} 61. f5 {[%csl Ge6][%cal Rb7e7]} Qc4+ 62. Kd6 {[%csl Gd6][%cal Rb7e7]} Qd4+ 63. Ke6 {[%csl Ge6][%cal Rb7e7]} Qc4+ 64. Kf6 {[%csl Gf6][%cal Rb7e7]} Qh4+ {[%mdl 64] Double Attack} 65. Kg7 Qg5+ {[%mdl 64] Double Attack} 66. Kh8 Qxf5 67. Qb8+ Ke7 {Strongly threatening ...Qf8+.} 68. Qb4+ Ke8 69. Qb8+ Ke7 {...Qf8+ is the strong threat.} 70. Qb4+ Ke8 {( -> ...Qf8+)} 71. Qb8+ Ke7 {And now ...Qf8+ would win.} 72. Qb4+ {Accuracy: White = 58%, Black = 65%.} 1/2-1/2

[Event "12th Chennai Open 2020"]
[Site "Chennai"]
[Date "2020.01.24"]
[Round "9.15"]
[White "Pantsulaia, Levan"]
[Black "Sidhant, Mohapatra"]
[Result "0-1"]
[WhiteElo "2598"]
[BlackElo "2346"]
[Annotator "TA"]
[PlyCount "74"]
[EventDate "2020.01.19"]
[EventType "swiss"]
[EventCountry "IND"]
[SourceTitle "playchess.com"]
[Source "ChessBase"]
[SourceQuality "1"]

{[%evp 12,74,19,12,19,18,15,0,0,0,0,0,0,0,0,0,0,-7,0,0,0,0,0,0,0,0,0,0,0,0,6,0,0,0,8,4,8,5,12,0,33,34,36,41,43,0,0,0,0,-67,-65,-65,-89,-166,-155,-150,-143,-314,-306,-1106,-288,-438,-303,-29978,-29979]} 1. c4 c6 2. g3 d5 3. Bg2 Nf6 4. Nf3 Bg4 5. Ne5 Bf5 6. cxd5 cxd5 7. Nc3 Nc6 {A11: English Opening: 1...c6} 8. Nxc6 bxc6 9. d4 e6 {The position is equal.} 10. Bf4 (10. O-O Be7 11. Be3 O-O 12. Rc1 Qa5 {1-0 (66) Dreev,A (2657)-Belozerov,A (2533) Yaroslavl 2019}) 10... Be7 11. O-O O-O 12. Rc1 Rc8 13. Na4 Nd7 14. Re1 $146 ({Predecessor:} 14. Be3 Nb6 15. f3 Nxa4 16. Qxa4 {½-½ (36) Ledger,A (2397)-Medvegy,N (2376) Catalan Bay 2003}) 14... c5 15. dxc5 Nxc5 16. Be3 {[%cal Re3c5]} Qa5 17. Bxc5 Bxc5 18. Rxc5 Rxc5 19. Nxc5 Qxc5 20. e4 Bxe4 21. Bxe4 dxe4 22. Rxe4 $11 {[%mdl 4096] Endgame KQR-KQR} h6 23. b3 Qb6 24. Qd4 Qc7 25. Rg4 {[%csl Gg4][%cal Rd4g7] [#]} e5 26. Qe3 Qc2 {Strongly threatening ...Qd1+.} 27. Ra4 Rc8 28. Qxe5 Qd1+ $1 29. Kg2 Rc1 $36 {[%mdl 2048] Black is more active.} 30. Rc4 (30. Qb5 $11 Qg1+ 31. Kh3 Qxf2 32. Qb8+ Kh7 33. Qf4) 30... Qh1+ $1 $15 31. Kh3 Qf1+ 32. Kh4 (32. Kg4 $17 Rxc4+ 33. bxc4 Qxc4+ {[%mdl 64] Double Attack} 34. Kf3) 32... Rxc4+ $19 33. bxc4 Qxc4+ 34. f4 $2 (34. Kh3 $17) 34... Qxa2 35. h3 $2 (35. Qb8+ Kh7 36. Kh3) 35... Qa6 $2 (35... a5 {...a4 is the strong threat.} 36. f5 a4) 36. Qe8+ Kh7 {Hoping for ...Qe6.} 37. g4 $2 {[#]} ({Avoid the trap} 37. Qxf7 $2 Qf6+ 38. Qxf6 gxf6 $19) (37. Qb8 $19) 37... Qe6 $1 {Accuracy: White = 45%, Black = 56%.} 0-1